| Tag |
First Indicator |
Second Indicator |
Subfields |
| LEADER |
00000cam a2200000 a 4500 |
| 001 |
in00001393021 |
| 005 |
20151020060231.0 |
| 008 |
971027s1997 mx 000 0dspa |
| 010 |
|
|
|a 97208855
|
| 020 |
|
|
|a 9681651227
|
| 035 |
|
|
|a (OCoLC)38497153
|
| 035 |
|
|
|9 AHN6672AM
|
| 040 |
|
|
|a DLC
|c DLC
|d TXA
|d UtOrBLW
|
| 043 |
|
|
|a n-mx---
|
| 049 |
|
|
|a TXAM
|
| 050 |
0 |
0 |
|a F1230.C835
|b M375 1997
|
| 082 |
0 |
0 |
|a 972/.02
|2 21
|
| 100 |
1 |
|
|a Martínez, José Luis,
|d 1918-2007.
|
| 245 |
1 |
0 |
|a Hernán Cortés :
|b semblanza /
|c José Luis Martínez.
|
| 250 |
|
|
|a 1. ed.
|
| 264 |
|
1 |
|a México :
|b Fondo de Cultura Económica,
|c 1997.
|
| 300 |
|
|
|a 78 pages ;
|c 14 cm.
|
| 336 |
|
|
|a text
|b txt
|2 rdacontent
|
| 337 |
|
|
|a unmediated
|b n
|2 rdamedia
|
| 338 |
|
|
|a volume
|b nc
|2 rdacarrier
|
| 490 |
1 |
|
|a Fondo 2000
|
| 600 |
1 |
0 |
|a Cortés, Hernán,
|d 1485-1547.
|
| 651 |
|
0 |
|a Mexico
|x History
|y Conquest, 1519-1540.
|
| 600 |
1 |
0 |
|a Cortés, Hernán,
|d 1485-1547.
|t Cartas de relación.
|
| 830 |
|
0 |
|a Fondo 2000.
|
| 948 |
|
|
|a c:pk
|
| 999 |
|
|
|a MARS
|
| 999 |
f |
f |
|s 51797b1e-2f9d-3e5b-bcf6-5cc02958a878
|i ec9176d6-628f-3089-883e-9b2e84485e93
|t 0
|
| 952 |
f |
f |
|p ric
|a Texas A&M University
|b Rellis Campus
|c Joint Library Facility
|d Remote Storage
|t 0
|e F1230.C835 M375 1997
|h Library of Congress classification
|i unmediated -- volume
|m A14823435239
|
| 998 |
f |
f |
|a F1230.C835 M375 1997
|t 0
|l Remote Storage
|